000 01645nam a2200229Ia 4500
008 260220t1969||||xx |||||||||||||| ||spa||
040 _aPY-SlUNAC
_bspa
_erda
041 _aspa
082 _a581.03
_bEn16e
245 0 _aEnciclopedia del saber humano :
_bel mundo de las plantas
264 _aBarcelona :
_bMatcu,
_c℗1969.
300 _a1 volumen
520 _aLa "Enciclopedia del saber humano: el mundo de las plantas" es una obra fundamental que explora la diversidad y complejidad del reino vegetal, ofreciendo una visión integral de su importancia en el ecosistema y en la vida cotidiana. Publicada por Matcu en 1969, la enciclopedia se estructura en secciones que abarcan desde la morfología y fisiología de las plantas hasta su clasificación y el papel que desempeñan en el medio ambiente. A través de ilustraciones detalladas y descripciones precisas, el texto proporciona un recurso valioso tanto para estudiantes como para entusiastas de la botánica. Además, se destacan las interrelaciones entre las plantas y otros seres vivos, así como su utilidad en la medicina, la alimentación y la industria. Este compendio no solo fomenta el conocimiento científico, sino que también promueve una mayor apreciación de la naturaleza y la necesidad de su conservación, convirtiéndose en un referente indispensable para el estudio de las plantas y su influencia en el mundo.
653 _aConocimiento
653 _aEnciclopedias
653 _aPlantas
942 _b2026/02/17
_cBK
999 _c8243
_d8243